000 00251nam a22001097a 4500
082 _a823
_bVIA/D
100 _aVIACOM INTERNATIONAL
245 _aDORA THE EXPLORER, GRANDMA'S HOUE
260 _bVIACOM INTERNATIONAL
_c2013
300 _b2 CDS
942 _cBK
999 _c7404
_d7404